01416nam a2200337 a 4500001001200000003000800012006001900020007001500039008004100054010001700095020003700112020003400149020002700183040002100210035002100231050002900252100002700281245009400308246004300402260005100445300002600496500002000522505014000542533015200682650003500834650002000869655002900889710001700918856012600935999001701061ebr10657793CaPaEBRm u cr cn|||||||||120718s2013 inua s 001 0 eng d z 2012944687 z9781118314425 (pbk : alk. paper) z1118314425 (pbk : alk. paper) z9781118388006 (e-book) aCaPaEBRcCaPaEBR a(OCoLC)82727623814aQA76.73.C154bN34 2013eb1 aNagel, Christian Ovid.10aProfessional C# 2012 and .NET 4.5h[electronic resource] /cChristian Nagel ... [et al.].3 aProfessional C sharp 2012 and .NET 4.5 aIndianapolis, Ind. :bWiley Pub., Inc.,c2013. alvii, 1523 p. :bill. aIncludes index.0 apt. I. The C# language -- pt. II. Visual Studio -- pt. III. Foundation -- pt. IV. Data -- pt. V. Presentation -- pt. VI. Communication. aElectronic reproduction.bPalo Alto, Calif. :cebrary,d2013.nAvailable via World Wide Web.nAccess may be limited to ebrary affiliated libraries. 0aC# (Computer program language) 0aMicrosoft .NET. 7aElectronic books.2local2 aebrary, Inc.40uhttp://site.ebrary.com/lib/rucke/Doc?id=10657793zAn electronic book accessible through the World Wide Web; click to view c64884d64884